Zlovůle /
Detektivní román ze série s komisařem Williamem Wistingem z oddělení dlouhodobě nevyřešených případů. Tentokrát pátrá po uprchlém sériovém vrahovi a jeho komplici.
Uloženo v:
| Série: | William Wisting,
část 14 |
|---|---|
| Hlavní autor: | |
| Další autoři: | |
| Médium: | E-kniha |
| Jazyk: | Czech |
| Vydáno: |
Praha :
Kniha Zlin,
2021
|
| Vydání: | Vydání první |
| Edice: | Thrill
|
| Témata: | |
| Příbuzné jednotky: | Z cyklu::
William Wisting |
| Tagy: |
Žádné tagy |
| LEADER | 02597nam a2200493 i 4500 | ||
|---|---|---|---|
| 001 | 312319 | ||
| 003 | CZ PrSKC | ||
| 005 | 20260601215721.0 | ||
| 007 | ta | ||
| 008 | 211108s2021 xr g 000 f cze | ||
| 015 | |a cnb003368336 | ||
| 020 | |a 9788076622517 |q (vázáno) : |c Kč 399,00 | ||
| 035 | |a (OCoLC)1296108869 | ||
| 040 | |a ABG001 |b cze |e rda | ||
| 041 | 1 | |a cze |h nor | |
| 072 | 7 | |a 821.11 |x Germánské literatury |2 Konspekt | |
| 080 | |a 821.113.5-31 |2 MRF | ||
| 080 | |a (0:82-312.4) |2 MRF | ||
| 100 | 1 | |a Horst, Jørn Lier, |d 1970- |7 xx0183412 |4 aut | |
| 240 | 1 | 0 | |a Illvilje. |l Česky |
| 245 | 1 | 0 | |a Zlovůle / |c Jørn Lier Horst ; přeložila Kateřina Krištůfková |
| 250 | |a Vydání první | ||
| 264 | 1 | |a Praha : |b Kniha Zlin, |c 2021 | |
| 300 | |a 333 stran ; |c 21 cm | ||
| 336 | |a text |b txt |2 rdacontent | ||
| 337 | |a bez média |b n |2 rdamedia | ||
| 338 | |a svazek |b nc |2 rdacarrier | ||
| 490 | 1 | |a Thrill ; |v svazek 42 | |
| 500 | |a Přeloženo z norštiny | ||
| 500 | |a Na hřbetu knihy uvedeno: krimi | ||
| 520 | 2 | |a Detektivní román ze série s komisařem Williamem Wistingem z oddělení dlouhodobě nevyřešených případů. Tentokrát pátrá po uprchlém sériovém vrahovi a jeho komplici. |b Vězeň odsouzený na doživotí za vraždu dvou dívek se rozhodne policii ukázat, kam skryl nikdy nenalezené tělo třetí oběti. Připravená prověrka na místě se však zvrtne a vrah za dramatických okolností uprchne. Wisting i jeho kolega Stiller z oddělení dlouhodobě nevyřešených případů jsou přesvědčení, že mu pomáhal tajemný Komplic, jehož se dosud nepodařilo dopadnout. Stop je ale málo a času ještě méně. Když někdo unese mladou policistku, jde už o vteřiny. Nakladatelská anotace. | |
| 655 | 7 | |a norské romány |7 fd132917 |2 czenas | |
| 655 | 7 | |a detektivní romány |7 fd132010 |2 czenas | |
| 655 | 9 | |a Norwegian fiction |2 eczenas | |
| 655 | 9 | |a detective novels |2 eczenas | |
| 700 | 1 | |a Krištůfková, Kateřina, |d 1974- |7 js20030929005 |4 trl | |
| 787 | 0 | 8 | |i Z cyklu: |t William Wisting |g 14 |
| 830 | 0 | |a Thrill | |
| 900 | |a ABA001 |b 20 | ||
| 928 | 9 | |a Albatros Media - Kniha Zlin | |
| 044 | |a xr | ||
| 910 | |a RBIT002 | ||
| 998 | |d 400007 |a https://core.palmknihy.cz/api/books/400007/cover?sa06at |b https://core.palmknihy.cz/api/books/400007/cover/400?sa06at |c https://core.palmknihy.cz/api/books/400007/cover/50?sa06at |e 2029-12-12 |g 336 |i 9788076622517 |j https://core.palmknihy.cz/api/books/400007/preview.epub |k https://core.palmknihy.cz/api/books/400007/preview.pdf |l |q 49 |r 1 |s https://www.palmknihy.cz/kniha/400007 |t ebook |y 2021 |z 0 | ||
| 999 | |d 312317 | ||